[Event "Chessemy Open 2022"]
[Site "Reinstorf"]
[Date "2022.02.06"]
[Round "9.48"]
[White "Nautsch, Thomas"]
[Black "Paashaus, Detlef"]
[Result "0-1"]
[WhiteElo "1550"]
[BlackElo "2096"]
[Annotator "ChessBase"]
[PlyCount "100"]
[EventDate "2022.01.29"]
[EventType "swiss"]
[EventCountry "GER"]
[SourceTitle "playchess.com"]
[Source "ChessBase"]
[SourceQuality "1"]

1. b3 e5 2. Bb2 Nc6 3. c4 Nf6 4. Nc3 d5 5. cxd5 Nxd5 6. e3 a6 7. Nf3 Ndb4 8. d4 exd4 9. exd4 Nd5 10. a3 Be6 11. Be2 g6 12. O-O Bg7 13. Nxd5 Bxd5 14. Bc4 O-O 15. Bxd5 Qxd5 16. Rc1 Rac8 17. Rc5 Qd6 18. Rc2 Ne7 19. Rd2 Nd5 20. Ne5 Rcd8 21. Re1 Rfe8 22. Nf3 Kf8 23. Rde2 Nf4 24. Rxe8+ Rxe8 25. Rxe8+ Kxe8 26. Qd2 Ne6 27. b4 Qd5 28. Bc3 Qb3 29. Qc1 Bh6 30. Qe1 Kf8 31. Ne5 Qxa3 32. d5 Ng7 33. Nd7+ Kg8 34. Qe7 Qc1+ 35. Be1 Ne6 36. Kf1 Bd2 37. Nf6+ Kg7 38. Ne8+ Kh8 39. Qf6+ Kg8 40. Qe5 Qxe1+ 41. Qxe1 Bxe1 42. Kxe1 Kf8 43. dxe6 Kxe8 44. exf7+ Kxf7 45. h4 b6 46. Kd2 c5 47. bxc5 bxc5 48. Kc3 a5 49. g4 Ke6 50. f4 h5 0-1

[Event "Chessemy Open 2022"]
[Site "Reinstorf"]
[Date "2022.02.06"]
[Round "9.49"]
[White "Schmidt, Theo"]
[Black "Schomann, Michael"]
[Result "1-0"]
[WhiteElo "1997"]
[BlackElo "1668"]
[Annotator "ChessBase"]
[PlyCount "29"]
[EventDate "2022.01.29"]
[EventType "swiss"]
[EventCountry "GER"]
[SourceTitle "playchess.com"]
[Source "ChessBase"]
[SourceQuality "1"]

1. e4 c5 2. Nf3 d6 3. d4 cxd4 4. Nxd4 Nf6 5. Nc3 Nc6 6. Bg5 a6 7. Qd2 e6 8. O-O-O h6 9. Bh4 Nxd4 10. Qxd4 Be7 11. f4 O-O 12. Bd3 b5 13. Bxf6 Bxf6 14. e5 Be7 15. Qe4 1-0

[Event "Chessemy Open 2022"]
[Site "Reinstorf"]
[Date "2022.02.06"]
[Round "9.50"]
[White "Tiede, Andreas"]
[Black "Jessen, Bjarne"]
[Result "0-1"]
[WhiteElo "1982"]
[BlackElo "1547"]
[Annotator "ChessBase"]
[PlyCount "62"]
[EventDate "2022.01.29"]
[EventType "swiss"]
[EventCountry "GER"]
[SourceTitle "playchess.com"]
[Source "ChessBase"]
[SourceQuality "1"]

1. Nf3 d5 2. g3 c5 3. Bg2 Nf6 4. d3 Nc6 5. Nbd2 e5 6. O-O Be7 7. e4 O-O 8. Re1 d4 9. Nf1 h6 10. h3 Be6 11. g4 Nh7 12. Ng3 Re8 13. Nf5 b5 14. a4 a6 15. axb5 axb5 16. Rxa8 Qxa8 17. Nxe7+ Rxe7 18. Nh4 Rd7 19. Nf5 Qa4 20. h4 Nb4 21. b3 Qa2 22. g5 hxg5 23. hxg5 Qxc2 24. f4 Bxb3 25. Qh5 Nxd3 26. Rf1 Nxc1 27. g6 fxg6 28. Qxg6 Ne2+ 29. Kh2 Nxf4 30. Qe8+ Nf8 31. Nh4 Bf7 0-1